Патроны и втулки для метчиков и плашек к токарно-револьверным станкам и автоматам. Конструкция и размеры; ГОСТ 22627-77 Патроны для метчиков к токарно-револьверным станкам. Конструкция и размеры; ГОСТ 22628-77 Втулки к патронам для метчиков к токарно-револьверным станкам. Конструкция и размеры; ГОСТ 22629-77 Патроны выдвижные для плашек к токарно-револьверным автоматам. Конструкция и размеры; ГОСТ 22630-77 Втулки к выдвижным патронам для плашек к токарно-револьверным автоматам. Конструкция и размеры

書誌詳細
団体著者: СССР Государственный комитет по стандартам (Госстандарт)
言語:ロシア語
出版事項: Москва, Изд-во стандартов, 1983
版:Изд. офиц.
TOC:ГОСТ 22627-77 Патроны для метчиков к токарно-револьверным станкам. Конструкция и размеры;
ГОСТ 22628-77 Втулки к патронам для метчиков к токарно-револьверным станкам. Конструкция и размеры;
ГОСТ 22629-77 Патроны выдвижные для плашек к токарно-револьверным автоматам. Конструкция и размеры;
ГОСТ 22630-77 Втулки к выдвижным патронам для плашек к токарно-револьверным автоматам. Конструкция и размеры;
シリーズ:Государственные стандарты
主題:
フォーマット: MixedMaterials 図書
KOHA link:https://koha.lib.tpu.ru/cgi-bin/koha/opac-detail.pl?biblionumber=157681

MARC

LEADER 00000nam0a2200000 4500
001 157681
005 20231031153951.0
035 |a (RuTPU)RU\TPU\book\171037 
035 |a RU\TPU\book\171033 
090 |a 157681 
100 |a 20090410d1983 km y0rusy50 ca 
101 0 |a rus 
102 |a RU 
105 |a a l 000zy 
200 1 |a Патроны и втулки для метчиков и плашек к токарно-револьверным станкам и автоматам. Конструкция и размеры 
205 |a Изд. офиц. 
210 |a Москва  |c Изд-во стандартов  |d 1983 
215 |a 35 с.  |c ил. 
225 1 |a Государственные стандарты 
464 |t ГОСТ 22627-77 Патроны для метчиков к токарно-револьверным станкам. Конструкция и размеры 
464 |t ГОСТ 22628-77 Втулки к патронам для метчиков к токарно-револьверным станкам. Конструкция и размеры 
464 |t ГОСТ 22629-77 Патроны выдвижные для плашек к токарно-револьверным автоматам. Конструкция и размеры 
464 |t ГОСТ 22630-77 Втулки к выдвижным патронам для плашек к токарно-револьверным автоматам. Конструкция и размеры 
610 1 |a стандарты 
610 1 |a ГОСТы 
610 1 |a размеры 
610 1 |a втулки 
610 1 |a патроны 
610 1 |a метчики 
610 1 |a плашки 
610 1 |a токарно-револьверные автоматы 
610 1 |a токарно-револьверные станки 
610 1 |a конструкция 
712 0 1 |a СССР  |b Государственный комитет по стандартам (Госстандарт)  |c (1978-1989)  |2 stltpush  |3 (RuTPU)RU\TPU\col\12454 
801 2 |a RU  |b 63413507  |c 20221208  |g PSBO 
942 |c BK